Skutky tromfnú ubezpečenia - potom sa uvidí Zahraničie čaká na stabilitu klienta a ten ho viní z prešľapovania na mieste

Podmienky získavania zahraničných investícií v Rusku. Prognóza prílevu zahraničného kapitálu. Situácia na ropnom trhu Ruska. Štruktúra záujmu zahraničných investorov o oblasti. Rozsah a realita ruskej ekonomiky v súvislosti s konkrétnymi väzbami na politické dianie.

Salvato in:
Dettagli Bibliografici
Autore principale: Pinter, Gejza
Natura: Capitolo di libro
Lingua:slovacco
Soggetti:
Tags: Aggiungi Tag
Nessun Tag, puoi essere il primo ad aggiungerne!!

MARC

LEADER 00000naa a2200000 4500
001 r017129
005 20221205102711.0
041 0 |a slo 
044 |a SK 
245 1 0 |a Skutky tromfnú ubezpečenia - potom sa uvidí  |b Zahraničie čaká na stabilitu klienta a ten ho viní z prešľapovania na mieste  |c Gejza Pinter 
520 |a Podmienky získavania zahraničných investícií v Rusku. Prognóza prílevu zahraničného kapitálu. Situácia na ropnom trhu Ruska. Štruktúra záujmu zahraničných investorov o oblasti. Rozsah a realita ruskej ekonomiky v súvislosti s konkrétnymi väzbami na politické dianie. 
610 2 0 |a investície zahraničné 
610 2 0 |a investori 
610 2 0 |a kapitál zahraničný 
610 2 0 |a Rusko 
610 2 0 |a banky 
610 2 0 |a rubeľ 
610 2 0 |a rozpočet štátny 
610 2 0 |a ropa 
610 2 0 |a politika vnútorná 
610 2 0 |a vláda 
610 2 0 |a parlamenty 
100 1 |a Pinter, Gejza